000
00235 a2200097 4500
001
29754
100
_a
Huggins R A
245
_a
Annual review of materials science (Vol-9)
260
_a
_b
annual Review Inc.
_c
090
_c
19771
_d
19771
942
_a
NUST-CAE
_c
M
_c
10859
999
_c
264827
_d
264827